<?xml version="1.0" encoding="UTF-8"?>
<collection xmlns="http://www.loc.gov/MARC21/slim">
 <record>
  <leader>02023cam a2200445 c 4500</leader>
  <controlfield tag="001">1905698151</controlfield>
  <controlfield tag="003">DE-627</controlfield>
  <controlfield tag="005">20260202090558.0</controlfield>
  <controlfield tag="007">tu</controlfield>
  <controlfield tag="008">241015s2024    be |||||      00| ||eng c</controlfield>
  <datafield tag="020" ind1=" " ind2=" ">
   <subfield code="a">946270418X</subfield>
  </datafield>
  <datafield tag="020" ind1=" " ind2=" ">
   <subfield code="a">9789462704183</subfield>
   <subfield code="q">brochiert</subfield>
  </datafield>
  <datafield tag="035" ind1=" " ind2=" ">
   <subfield code="a">(DE-627)1905698151</subfield>
  </datafield>
  <datafield tag="035" ind1=" " ind2=" ">
   <subfield code="a">(DE-599)KXP1905698151</subfield>
  </datafield>
  <datafield tag="035" ind1=" " ind2=" ">
   <subfield code="a">(OCoLC)1458709167</subfield>
  </datafield>
  <datafield tag="040" ind1=" " ind2=" ">
   <subfield code="a">DE-627</subfield>
   <subfield code="b">ger</subfield>
   <subfield code="c">DE-627</subfield>
   <subfield code="e">rda</subfield>
  </datafield>
  <datafield tag="041" ind1=" " ind2=" ">
   <subfield code="a">eng</subfield>
  </datafield>
  <datafield tag="044" ind1=" " ind2=" ">
   <subfield code="c">XA-BE</subfield>
  </datafield>
  <datafield tag="082" ind1="0" ind2=" ">
   <subfield code="a">700</subfield>
  </datafield>
  <datafield tag="084" ind1=" " ind2=" ">
   <subfield code="a">LO 87780</subfield>
   <subfield code="2">rvk</subfield>
   <subfield code="0">(DE-625)rvk/104913:</subfield>
  </datafield>
  <datafield tag="100" ind1="1" ind2=" ">
   <subfield code="a">Karimi, Pamela</subfield>
   <subfield code="e">VerfasserIn</subfield>
   <subfield code="0">(DE-588)1271053020</subfield>
   <subfield code="0">(DE-627)1819787532</subfield>
   <subfield code="4">aut</subfield>
  </datafield>
  <datafield tag="245" ind1="1" ind2="0">
   <subfield code="a">Women, art, freedom</subfield>
   <subfield code="b">artists and street politics in Iran</subfield>
   <subfield code="c">Pamela Karimi</subfield>
  </datafield>
  <datafield tag="264" ind1=" " ind2="1">
   <subfield code="a">Leuven</subfield>
   <subfield code="b">Leuven University Press</subfield>
   <subfield code="c">[2024]</subfield>
  </datafield>
  <datafield tag="264" ind1=" " ind2="4">
   <subfield code="c">© 2024</subfield>
  </datafield>
  <datafield tag="300" ind1=" " ind2=" ">
   <subfield code="a">304 Seiten</subfield>
   <subfield code="b">Illustrationen</subfield>
  </datafield>
  <datafield tag="336" ind1=" " ind2=" ">
   <subfield code="a">Text</subfield>
   <subfield code="b">txt</subfield>
   <subfield code="2">rdacontent</subfield>
  </datafield>
  <datafield tag="337" ind1=" " ind2=" ">
   <subfield code="a">ohne Hilfsmittel zu benutzen</subfield>
   <subfield code="b">n</subfield>
   <subfield code="2">rdamedia</subfield>
  </datafield>
  <datafield tag="338" ind1=" " ind2=" ">
   <subfield code="a">Band</subfield>
   <subfield code="b">nc</subfield>
   <subfield code="2">rdacarrier</subfield>
  </datafield>
  <datafield tag="500" ind1=" " ind2=" ">
   <subfield code="a">Literaturverzeichnis Seite: 285-288</subfield>
  </datafield>
  <datafield tag="710" ind1="2" ind2=" ">
   <subfield code="a">Leuven University Press</subfield>
   <subfield code="e">Verlag</subfield>
   <subfield code="0">(DE-588)1229881875</subfield>
   <subfield code="0">(DE-627)1752073177</subfield>
   <subfield code="4">pbl</subfield>
  </datafield>
  <datafield tag="776" ind1="1" ind2=" ">
   <subfield code="z">9789461665638</subfield>
  </datafield>
  <datafield tag="776" ind1="1" ind2=" ">
   <subfield code="z">9789461665874</subfield>
  </datafield>
  <datafield tag="776" ind1="0" ind2="8">
   <subfield code="i">Erscheint auch als</subfield>
   <subfield code="n">Online-Ausgabe (PDF)</subfield>
   <subfield code="z">9789461665638</subfield>
  </datafield>
  <datafield tag="776" ind1="0" ind2="8">
   <subfield code="i">Erscheint auch als</subfield>
   <subfield code="n">Online-Ausgabe (Ebook)</subfield>
   <subfield code="z">9789461665874</subfield>
  </datafield>
  <datafield tag="787" ind1="0" ind2="8">
   <subfield code="i">Rezensiert in</subfield>
   <subfield code="a">Straub, Verena, 1986 - </subfield>
   <subfield code="t">[Rezension von: Pamela Karimi, Women, art, freedom, artists and street politics in Iran]</subfield>
   <subfield code="d">2025</subfield>
   <subfield code="w">(DE-627)1947235494</subfield>
  </datafield>
  <datafield tag="856" ind1="4" ind2="2">
   <subfield code="u">http://www.gbv.de/dms/bowker/toc/9789462704183.pdf</subfield>
   <subfield code="m">DE-601</subfield>
   <subfield code="q">pdf/application</subfield>
   <subfield code="v">2025-09-28</subfield>
   <subfield code="x">Aggregator</subfield>
   <subfield code="3">Inhaltsverzeichnis</subfield>
   <subfield code="7">1</subfield>
  </datafield>
  <datafield tag="936" ind1="r" ind2="v">
   <subfield code="a">LO 87780</subfield>
   <subfield code="b">Gesamtdarstellungen, Darstellungen einzelner Epochen, Kunsttopografie</subfield>
   <subfield code="k">Kunstgeschichte</subfield>
   <subfield code="k">Kunst nach Ländern bzw. Kontinenten</subfield>
   <subfield code="k">Asien und Vorderer Orient</subfield>
   <subfield code="k">Kunstgeschichte des Iran</subfield>
   <subfield code="k">Gesamtdarstellungen, Darstellungen einzelner Epochen, Kunsttopografie</subfield>
   <subfield code="0">(DE-627)1441169512</subfield>
   <subfield code="0">(DE-625)rvk/104913:</subfield>
   <subfield code="0">(DE-576)371169518</subfield>
  </datafield>
  <datafield tag="951" ind1=" " ind2=" ">
   <subfield code="a">BO</subfield>
  </datafield>
  <datafield tag="991" ind1=" " ind2=" ">
   <subfield code="a">Rezensiertes Werk</subfield>
  </datafield>
  <datafield tag="999" ind1=" " ind2=" ">
   <subfield code="a">KXP-PPN1905698151</subfield>
   <subfield code="e">4916048342</subfield>
  </datafield>
 </record>
</collection>
